[Event "CZE-ch Open 2018"]
[Site "Ostrava"]
[Date "2018.05.01"]
[Round "4"]
[White "Cvek, Robert"]
[Black "Hausner, Ivan"]
[Result "1-0"]
[WhiteElo "2505"]
[BlackElo "2334"]
[Annotator "TA"]
[PlyCount "51"]
[EventDate "2018.??.??"]
[EventCountry "CZE"]
[SourceTitle "playchess.com"]
[Source "ChessBase"]
[SourceQuality "1"]

{[%evp 22,51,7,7,27,0,7,0,3,7,35,34,28,25,77,72,234,227,553,552,520,533,526,523,509,456,511,500,482,454,537,499]} 1. Nf3 e6 2. c4 Nf6 3. Nc3 d5 4. d4 c5 5. e3 cxd4 6. exd4 Be7 7. Bd3 dxc4 8. Bxc4 O-O 9. O-O Nc6 10. Re1 b6 11. a3 Bb7 12. Ba2 {LiveBook: 61 Games. D40: Queen's Gambit Declined: Semi-Tarrasch with 5 e3} Na5 (12... Qd7 13. Be3 Rad8 14. Qe2 Qc8 15. Rad1 Qa8 16. d5 exd5 17. Nxd5 Nxd5 18. Bxd5 Bf6 19. h4 h6 {0-1 (39) Halkias,S (2571)-Meier,G (2650) Riadh 2017}) 13. Ne5 Rc8 14. Bg5 {The position is equal.} Nc6 15. Qa4 $146 ({Predecessor:} 15. Nf3 Rc7 16. Qd3 Rd7 17. Rad1 Qa8 18. Bb1 g6 19. Qe3 Rfd8 20. Qf4 Nh5 21. Qh4 Bxg5 22. Nxg5 Nxd4 23. Rd3 Nf5 {0-1 (24) Pijuan Herranz,M (2185)-Pinero Fernandez,X (2240) Spain 2003}) 15... a6 (15... Nxd4 $6 16. Rad1 $18) 16. Nxf7 Rxf7 17. Bxe6 {Hoping for d5.} Qf8 (17... b5 $1 $11 {remains equal.} 18. Qb3 (18. Bxf7+ Kxf7 19. Qb3+ Kf8 $11) 18... Qf8) 18. d5 $16 ({Don't play} 18. Bxc8 $6 Qxc8 19. d5 b5 $11) 18... Nd8 $2 {[#]} (18... b5 $16 19. Qh4 Nd8) 19. Bxf6 $1 $18 ({Not} 19. Bxc8 Bxc8 20. Bxf6 Rxf6 $14) 19... Bxf6 $2 (19... Nxe6 {is a better chance.} 20. Bxe7 Rxe7) 20. Bxc8 {White is clearly winning.} b5 21. Qg4 h5 22. Qh3 Bd4 23. Rf1 Rxf2 {[%csl Gf8][%cal Rf2f1] [#]} 24. Be6+ Nxe6 25. Qxe6+ Kh8 {[%csl Gf8][%cal Rf2f1]} 26. Rxf2 {Precision: White = 80%, Black = 23%.} 1-0

[Event "CZE-ch Open 2018"]
[Site "Ostrava"]
[Date "2018.05.01"]
[Round "4"]
[White "Malinovsky, Karel"]
[Black "Vykouk, Jan"]
[Result "1/2-1/2"]
[WhiteElo "2481"]
[BlackElo "2426"]
[Annotator "TA"]
[PlyCount "42"]
[EventDate "2018.??.??"]
[EventCountry "CZE"]
[SourceTitle "playchess.com"]
[Source "ChessBase"]
[SourceQuality "1"]

{[%evp 23,42,12,43,10,18,16,37,25,59,43,59,56,68,60,61,22,35,0,0,0,8]} 1. e4 c5 2. Nf3 Nc6 3. d4 cxd4 4. Nxd4 Qb6 5. Nb3 Nf6 6. Nc3 e6 7. Bd3 a6 8. O-O d6 9. Be3 Qc7 10. f4 Be7 11. Qf3 O-O 12. Rae1 Nb4 13. Bd2 {B33: Sicilian: Pelikan and Sveshnikov Variations} (13. a3 Nxd3 14. cxd3 Bd7 15. Rc1 Qd8 16. Nd4 Qa5 17. Nb3 Qd8 18. Nd4 Qa5 19. h3 Rac8 20. Rc2 e5 21. Nf5 Bxf5 22. exf5 Rc6 23. g4 {1-0 (63) Barlow,J (2450)-Stephan,J (2557) ICCF email 2008}) 13... Nxd3 14. cxd3 Nd7 $146 ({Predecessor:} 14... e5 15. f5 b5 16. g4 b4 17. Nd1 d5 18. g5 dxe4 19. dxe4 Ne8 {1-0 (28) Hoffmann,H (2211)-Neukirch,D (2276) Germany 2009}) 15. Rc1 {And now Nd5 would win.White is slightly better.} Qb8 16. Nd4 Bf6 17. Be3 Nc5 18. Qd1 Nd7 19. f5 Ne5 20. fxe6 fxe6 21. Nf3 Bd7 1/2-1/2

[Event "CZE-ch Open 2018"]
[Site "Ostrava"]
[Date "2018.05.01"]
[Round "4"]
[White "Haba, Petr"]
[Black "Mikes, Jan"]
[Result "1-0"]
[WhiteElo "2454"]
[BlackElo "2321"]
[Annotator "TA"]
[PlyCount "81"]
[EventDate "2018.??.??"]
[EventCountry "CZE"]
[SourceTitle "playchess.com"]
[Source "ChessBase"]
[SourceQuality "1"]

{[%evp 14,81,49,38,72,77,101,91,101,106,116,95,104,83,95,91,133,141,140,140,168,163,166,143,280,273,252,258,485,468,552,579,524,565,560,535,512,400,693,675,523,367,568,547,533,424,741,722,728,722,805,860,1216,753,1039,957,29978,29979,29984,29985,29978,29979,29972,1915,29985,0,6187,1175,1084,1050]} 1. d4 Nf6 2. c4 g6 3. Nc3 Bg7 4. e4 d6 5. Nge2 {[%cal Bg1e2,Be2g3,Bg3h1,Bh1f2,Bf2e4][%mdl 32]} O-O 6. Ng3 c5 7. d5 h5 {E70: King's Indian: Miscellaneous lines with 4 e4, including 5 Nge2 and 5 Bd3 0-0 6 Nge2} (7... a6 8. a4 h5 9. Be2 e5 10. Bg5 Qe8 11. Qd2 Nbd7 12. O-O Nh7 13. Bh6 h4 14. Bxg7 Kxg7 15. Nh1 f5 16. exf5 gxf5 {0-1 (78) Ding,L (2774)-Carlsen,M (2837) Saint Louis 2017}) 8. Be2 {LiveBook: 12 Games} Nbd7 9. O-O h4 $146 {White is better.} ({Predecessor:} 9... a6 10. a4 Rb8 11. Bg5 Nh7 12. Be3 Ndf6 13. Qd2 Re8 14. Rad1 h4 {½-½ (26) Ovsejevitsch,S (2597)-Delitzsch,J (2222) Bad Wiessee 2010}) 10. Nh1 Nh7 11. f4 a6 12. a4 Bd4+ 13. Nf2 e5 14. f5 gxf5 15. exf5 Ndf6 16. Bd3 Kh8 17. Kh1 Rg8 18. Nfe4 b6 (18... Bxc3 $16 19. Nxc3 Rg4) 19. Nxf6 $18 Nxf6 20. Ne4 $40 {[%mdl 128] Strongly threatening Nxf6. White attacks with force.} h3 $2 (20... Rg7 {keeps fighting.} 21. Bg5 Rxg5 22. Nxg5 Qg8) 21. gxh3 Nh7 22. f6 Bxh3 {[%csl Gg8][%cal Rh3g2] [#]} 23. Ng5 $1 {[%cal Rg5f7][%mdl 512]} Rxg5 24. Bxg5 Qg8 25. Qh5 e4 (25... Bg2+ $142 26. Kxg2 Qxg5+ 27. Qxg5 Nxg5) 26. Qxh3 exd3 27. Be3 {And now Bxd4 would win.} Bxe3 (27... Qc8 {was worth a try.} 28. Qxc8+ Rxc8) 28. Qxe3 Qg6 29. Rf3 {Rg1 is the strong threat.} d2 (29... Rg8 $142 30. Rg3 Qxf6) 30. Qxd2 Rg8 31. Re1 Qh5 32. Qf2 b5 33. b3 bxa4 34. bxa4 Ng5 35. Rg3 Rg6 36. Qf5 Qh4 37. Re8+ Kh7 38. Qc8 (38. Ree3 $142 Qh6 {[#]} 39. Rxg5 $1 {[%mdl 512]} Qxg5 40. Rh3+ Qh6 41. Rxh6+ Kxh6 42. Qf4+ Kh5 43. Qxd6) 38... Rg8 39. Qf5+ ({Weaker is} 39. Rxg8 Qe4+ 40. Kg1 Qe1+ 41. Kg2 Qe2+ 42. Kg1 (42. Kh1 Qe4+ 43. Rg2 Qb1+ 44. Rg1 Qe4+ 45. Rg2 Qb1+ 46. Rg1 Qe4+ 47. Rg2 $11) 42... Qe1+ 43. Kg2 Qe2+ 44. Kg1 (44. Kh1 Qe4+ 45. Kg1 Qe1+ $11) 44... Qe1+ $11) (39. Rxg5 $142 Qxg5 40. Qh3+ Qh6 41. Qxh6+ Kxh6 42. Rxg8 Kh5 43. Ra8 a5 44. Rxa5) 39... Rg6 40. Qg4 (40. Re7 $142 Qh6 41. Rg4) 40... Qxg4 41. Rxg4 {Precision: White = 77%, Black = 24%.} 1-0

[Event "CZE-ch Open 2018"]
[Site "Ostrava"]
[Date "2018.05.01"]
[Round "4"]
[White "Biolek, Richard"]
[Black "Zwardon, Vojtech"]
[Result "0-1"]
[WhiteElo "2447"]
[BlackElo "2409"]
[Annotator "TA"]
[PlyCount "120"]
[EventDate "2018.??.??"]
[EventCountry "CZE"]
[SourceTitle "playchess.com"]
[Source "ChessBase"]
[SourceQuality "1"]

{[%evp 20,120,36,0,19,0,0,-6,0,0,11,6,7,0,0,0,0,0,0,-5,18,10,0,-6,-6,-6,-4,0,0,0,28,28,34,14,79,63,80,76,73,12,27,0,0,0,0,0,0,0,0,0,0,-9,0,-29,-31,-50,-32,-47,-9,-17,0,0,0,-14,0,0,0,-10,-10,-10,-11,-43,-31,-77,-47,-86,-88,-88,-93,-141,-138,-188,-149,-350,-187,-403,-234,-219,-151,-222,-91,-85,0,0,0,-29979,-29980,-29980,-29981,-29981,-29982,-29982,-29983]} 1. e4 c5 2. Nf3 Nc6 3. d4 cxd4 4. Nxd4 g6 5. Nc3 Bg7 6. Be3 Nf6 7. Bc4 O-O 8. Bb3 Re8 {B35: Sicilian: Accelerated Dragon with 5 Nc3: main line} 9. O-O (9. f3 d5 10. Bxd5 Nxd5 11. Nxd5 Be6 12. c4 Rc8 13. O-O Nxd4 14. Bxd4 Rxc4 15. Bxg7 Kxg7 16. b3 {½-½ (26) Navara,D (2737)-Dubov,D (2701) Batumi 2018}) 9... d6 10. h3 Na5 11. Qe2 {LiveBook: 5 Games} Bd7 12. Rfd1 a6 13. Bg5 $146 ({Predecessor:} 13. e5 Nxb3 14. exf6 Nxd4 15. Bxd4 exf6 16. Qf3 {0-1 (35) Rozhkov,V (2339)-Geller,J (2487) Moscow 2016}) 13... Rc8 14. Nf3 Nxb3 15. axb3 Qc7 16. Rd2 Bc6 17. Nd4 h6 18. Bh4 Qb6 19. Rad1 Qa5 20. Nxc6 Rxc6 21. Nd5 Nxd5 22. exd5 Rc7 23. c3 Qb6 24. b4 Be5 25. Rd3 Qb5 26. Qd2 Rc4 {[#]} (26... b6 $11 {remains equal.}) 27. Bg3 $1 $16 ({Avoid the trap} 27. Qxh6 $2 Bg7 $19) 27... Bg7 28. Bf4 h5 29. Be3 (29. b3 $16 Rcc8 30. c4) 29... Qa4 30. Bd4 Bxd4 31. Rxd4 Rxd4 32. Qxd4 $11 {[%mdl 4096] Endgame KQR-KQR} Qc2 33. Rd2 Qc1+ 34. Kh2 e5 35. Qd3 Rc8 36. Re2 Kg7 37. Qe4 f5 38. Qd3 h4 39. Rd2 b5 40. Qe3 Rc7 41. f3 Rf7 42. Qf2 g5 43. Re2 Qf4+ 44. Kg1 Qc4 45. Rd2 Qc7 46. Qe3 Kf6 47. Kf1 a5 48. bxa5 Qxa5 49. Ke2 Rc7 50. Qd3 Rc4 51. Kd1 $2 (51. Ke1 $17 {might work better.}) 51... Qa4+ (51... Qa1+ $142 52. Kc2 Rc5) 52. Kc1 $2 (52. Ke2) 52... Rc5 (52... Qa1+ $142 53. Qb1 Qa6) 53. Kb1 $19 Qa7 54. b4 (54. Qe2 $17 {was worth a try.}) 54... Rc4 (54... Rc8 $19 {has better winning chances. aiming for ...Ra8.} 55. Kb2 Ra8) 55. Kb2 $17 Rc8 (55... Kg6 $17 56. Rd1 Qf2+ 57. Rd2 Qg3) 56. Qxb5 $11 Ra8 {( -> ...Qa1+)} 57. Kc2 $2 {[%mdl 8192] [#]} (57. Qc6 $11 Qa1+ 58. Kc2) 57... Qa2+ {Black mates.} 58. Kd3 Qb1+ 59. Kc4 Qf1+ 60. Rd3 Rc8+ {Precision: White = 39%, Black = 51%.} 0-1

[Event "CZE-ch Open 2018"]
[Site "Ostrava"]
[Date "2018.05.01"]
[Round "4"]
[White "Kraus, Tomas"]
[Black "Simacek, Pavel"]
[Result "1/2-1/2"]
[WhiteElo "2429"]
[BlackElo "2498"]
[Annotator "TA"]
[PlyCount "78"]
[EventDate "2018.??.??"]
[EventCountry "CZE"]
[SourceTitle "playchess.com"]
[Source "ChessBase"]
[SourceQuality "1"]

{[%evp 20,78,-10,-22,-19,-13,-18,-12,0,0,0,0,0,-45,-16,-70,-34,-37,-44,-41,-34,-44,47,22,46,39,51,48,55,25,13,44,53,0,0,0,20,0,0,0,0,0,0,0,6,5,2,0,0,0,0,0,0,0,0,0,0,0,0,0,0]} 1. c4 c5 2. Nc3 Nc6 3. g3 g6 4. Bg2 Bg7 5. e4 e6 6. d3 Nge7 7. Be3 Nd4 8. Nge2 Nec6 9. O-O d6 10. Qd2 O-O 11. f4 {LiveBook: 5 Games. A36: Symmetrical English vs ...g6: 4 Bg2 Bg7} (11. Bh6 Rb8 12. Bxg7 Kxg7 13. f4 e5 14. f5 f6 15. h4 gxf5 16. Nxd4 Nxd4 17. Nd5 b5 18. b3 bxc4 19. dxc4 fxe4 20. Nxf6 Rxf6 {0-1 (30) Alvarez Pedraza,A (2470)-Alonso Rosell,A (2496) Barcelona 2018}) 11... Bd7 12. g4 {[%cal Bg3g4,Bg4g5][%mdl 32]} f5 $146 ({Predecessor:} 12... Rb8 13. Ng3 Qh4 {0-1 (40) Riabov,A (1937)-Vrbica,L (2158) Slovakia 2001}) 13. exf5 gxf5 14. g5 Qa5 15. Ng3 Rab8 16. Qf2 Be8 17. a3 ({White should play} 17. Rac1 $11) 17... Nb3 18. Rad1 Bxc3 19. bxc3 Qxc3 20. Ne2 Qc2 (20... Qb2 $15) 21. Qe1 $1 $14 Nbd4 22. Bxd4 cxd4 23. Bxc6 Bxc6 24. Rd2 Qa4 25. Nxd4 Rfe8 26. Re2 (26. Ra2 $14) 26... Qxa3 $11 {The position is equal.} 27. Nxc6 Qc5+ 28. d4 Qxc6 29. Rxe6 Qc8 30. Rxe8+ Qxe8 31. Kf2 Qxe1+ 32. Rxe1 {[%mdl 4096] Endgame KR-KR} Rc8 33. Re7 Rxc4 34. Rxb7 Rxd4 35. Kg3 a6 36. h4 Rd3+ 37. Kg2 Rd2+ 38. Kg3 Rd3+ 39. Kg2 Rd2+ {Precision: White = 58%, Black = 72%.} 1/2-1/2

[Event "CZE-ch Open 2018"]
[Site "Ostrava"]
[Date "2018.05.01"]
[Round "4"]
[White "Velicka, Petr"]
[Black "Jansa, Vlastimil"]
[Result "1/2-1/2"]
[WhiteElo "2412"]
[BlackElo "2450"]
[Annotator "TA"]
[PlyCount "36"]
[EventDate "2018.??.??"]
[EventCountry "CZE"]
[SourceTitle "playchess.com"]
[Source "ChessBase"]
[SourceQuality "1"]

{[%evp 26,36,35,38,66,0,41,0,34,-51,11,-5,98]} 1. e4 c5 2. Nf3 e6 3. d4 cxd4 4. Nxd4 Nc6 5. Nb5 d6 6. c4 Nf6 7. N1c3 a6 8. Na3 Be7 9. Be2 O-O 10. O-O b6 11. Be3 Bb7 12. Qd2 Ne5 13. f3 Ned7 14. Rfd1 Ne5 {B44: Sicilian: Taimanov: 5 Nb5} (14... Qc7) 15. Rf1 (15. Rac1 $14) 15... Qc7 16. Na4 $146 ({Predecessor (2):} 16. Rac1 Rac8 17. Rfd1 Rfe8 18. Bf1 Ned7 19. Kh1 Qb8 20. Bf4 Ne5 21. Bg5 Red8 22. Be3 Ned7 23. Qf2 Ba8 24. Rd2 h6 25. Rcd1 Qc7 26. Nc2 Re8 27. a3 Bb7 {½-½ (55) Henriquez Villagra,C (2500)-Potkin,V (2574) St Petersburg 2017}) 16... Ned7 17. Qb4 (17. Rac1 $14) 17... Qd8 ({Black should try} 17... Rae8 $15 18. Qd2 d5 19. cxd5 exd5) 18. Qd2 Ne5 (18... d5 $11 {remains equal.}) 1/2-1/2

[Event "CZE-ch Open 2018"]
[Site "Ostrava"]
[Date "2018.05.01"]
[Round "4"]
[White "Bures, Jaroslav"]
[Black "Svatos, Jan"]
[Result "1-0"]
[WhiteElo "2407"]
[BlackElo "2272"]
[Annotator "TA"]
[PlyCount "43"]
[EventDate "2018.??.??"]
[EventCountry "CZE"]
[SourceTitle "playchess.com"]
[Source "ChessBase"]
[SourceQuality "1"]

{[%evp 18,43,50,46,143,121,193,193,185,192,193,184,224,222,252,253,245,243,257,256,516,506,503,508,567,549,872,842]} 1. d4 Nf6 2. c4 e6 3. Nc3 d5 4. cxd5 exd5 5. Bg5 Be7 6. e3 O-O 7. Bd3 Nbd7 8. Qc2 c5 9. Nge2 {D35: Queen's Gambit Declined: Exchange Variation} (9. dxc5 Nxc5 10. Nge2 h6 11. Bh4 Be6 12. O-O Rc8 13. Nd4 Nfe4 14. Bxe7 Qxe7 15. Rac1 Rfd8 16. Rfd1 a6 17. Be2 Nf6 18. Qd2 Nce4 19. Nxe4 Nxe4 {½-½ (40) Voll,A (2563)-Ivanov,A (2498) ICCF email 2012}) 9... Re8 10. O-O {LiveBook: 4 Games} a6 $146 ({Better is} 10... h6 $14 11. Bf4 c4) ({Predecessor:} 10... h6 11. Bh4 c4 12. Bf5 Nb6 13. Bxc8 Rxc8 14. f3 Qd7 15. Bf2 Bb4 16. Ng3 Bxc3 17. bxc3 {½-½ (35) Iljin,T (2313)-Payen,A (2324) St Petersburg 2016}) 11. dxc5 $16 {White is clearly better.} Nxc5 (11... Qa5 $16 {keeps fighting.}) 12. Bxf6 $1 $18 Bxf6 13. Bxh7+ Kh8 14. Rad1 Re5 15. Nf4 Be6 16. b4 Nd7 17. Ncxd5 Rc8 18. Qb1 Bg4 $2 {[#]} (18... Bxd5 19. Nxd5 Nb6) 19. f3 {White is clearly winning.} Be6 20. Nxe6 fxe6 21. Nf4 {Threatens to win with Rxd7!} Rxe3 {[#]} 22. Rxd7 $1 {[%mdl 512]} 1-0

[Event "CZE-ch Open 2018"]
[Site "Ostrava"]
[Date "2018.05.01"]
[Round "4"]
[White "Vokac, Marek"]
[Black "Michenka, Jozef"]
[Result "1/2-1/2"]
[WhiteElo "2390"]
[BlackElo "2328"]
[Annotator "TA"]
[PlyCount "56"]
[EventDate "2018.??.??"]
[EventCountry "CZE"]
[SourceTitle "playchess.com"]
[Source "ChessBase"]
[SourceQuality "1"]

{[%evp 32,56,0,0,0,-7,0,-7,-14,-14,0,0,0,0,0,0,0,0,0,0,0,0,0,0,0,0,0]} 1. c4 e6 2. Nf3 Nf6 3. g3 d5 4. Bg2 Be7 5. O-O O-O 6. b3 c5 7. e3 b6 8. Bb2 Bb7 9. Qe2 Nbd7 10. Rd1 Qc7 11. Nc3 Rac8 12. Rac1 Qb8 13. cxd5 {A14: English Opening: 1...e6 with b3 by White} (13. h3 Rfd8 14. d3 Bf8 15. g4 h6 16. cxd5 Nxd5 17. Ne4 Nb4 18. a3 Nc6 19. g5 h5 20. g6 fxg6 {0-1 (59) Iturrizaga Bonelli,E (2652)-Gharamian,T (2624) Lisbon 2017}) 13... Nxd5 14. Nxd5 Bxd5 15. e4 Bb7 16. d4 cxd4 17. Nxd4 {LiveBook: 6 Games. The position is equal.} Rxc1 18. Bxc1 Nf6 {[%cal Bd7f6,Bf6d5,Bd5b4][%mdl 32] [#]} 19. e5 $146 {[#] And now Nc6 would win.} ({Predecessor:} 19. Bf4 Qa8 20. f3 a6 {1-0 (47) Sokolov,A (2519)-Solozhenkina,E (2230) St Petersburg 2017}) 19... Nd5 {Strongly threatening ...Nc3.} 20. Bb2 Nb4 21. Ba3 Bxg2 22. Kxg2 Qb7+ 23. Qf3 Nd5 24. Bxe7 Qxe7 25. Nf5 Qc7 26. Nxg7 Kxg7 27. Rxd5 $1 exd5 28. Qf6+ $1 Kg8 1/2-1/2

[Event "CZE-ch Open 2018"]
[Site "Ostrava"]
[Date "2018.05.01"]
[Round "4"]
[White "Jasny, Stanislav"]
[Black "Havelka, Ondrej"]
[Result "1-0"]
[WhiteElo "2379"]
[BlackElo "2041"]
[Annotator "TA"]
[PlyCount "69"]
[EventDate "2018.??.??"]
[EventCountry "CZE"]
[SourceTitle "playchess.com"]
[Source "ChessBase"]
[SourceQuality "1"]

{[%evp 16,69,-9,-14,-17,-24,-8,-10,-16,-36,-22,-31,8,0,0,0,0,0,37,0,0,-8,114,95,95,60,187,184,185,164,193,205,265,265,356,345,333,346,320,323,303,296,296,251,737,579,881,864,1067,1054,1044,1034,29996,29997,29997,330]} 1. f4 d5 2. Nf3 g6 3. g3 Bg7 4. Bg2 Nh6 5. O-O O-O 6. d3 d4 {A03: Bird's Opening with 1...d5} 7. c3 c5 8. Qe1 Nc6 9. Na3 {LiveBook: 7 Games} Rb8 10. Bd2 b5 11. Ng5 $146 ({Predecessor:} 11. h3 Be6 12. Ng5 Bd5 13. Bxd5 Qxd5 14. c4 bxc4 15. Nxc4 f6 16. Ne4 {½-½ (16) Grunberg,M (2419)-Komljenovic,D (2450) Sautron 2002}) 11... Qb6 12. Kh1 Nf5 13. Rc1 e5 14. g4 Ne3 15. Bxe3 $1 dxe3 16. f5 Ne7 {[%cal Rg6f5]} 17. Qh4 $40 {[%csl Gg5][%cal Rh4h7][%mdl 128] [#] Black needs to defend precisely.} (17. Nxh7 $5 Kxh7 18. Qh4+ Kg8 19. f6 $14) 17... h6 {[%cal Rg6f5]} 18. Ne4 g5 (18... gxf5 $11 {remains equal.} 19. gxf5 Nxf5) 19. Qh3 {And now f6 would win.} Nd5 20. f6 Nf4 (20... Bxf6 $14 21. Qxh6 Be7 22. Nf6+ Nxf6 23. Qxg5+ Kh8) 21. fxg7 $18 Nxh3 22. gxf8=Q+ Kxf8 23. Bxh3 Kg7 24. c4 b4 25. Nc2 b3 26. axb3 (26. Nxe3 bxa2 27. Rc2 Bb7 $14) 26... Qxb3 27. Nxe3 ({Not} 27. Nxc5 Qxb2 28. Ne4 (28. Nxe3 Qd4 $17) 28... h5 $18) 27... Qxb2 28. Ng3 ({Worse is} 28. Nxc5 Qd4 $17) 28... a5 29. Ra1 Ra8 $2 {[#]} (29... e4 30. Rxa5 Qd2) 30. Bg2 Ra6 31. Bd5 Be6 32. Bxe6 fxe6 33. Rab1 Qd2 34. Nh5+ Kg8 35. Rb8+ {Precision: White = 52%, Black = 16%.} 1-0

[Event "CZE-ch Open 2018"]
[Site "Ostrava"]
[Date "2018.05.01"]
[Round "4"]
[White "Simek, Petr"]
[Black "Nedela, Vlastimil"]
[Result "1-0"]
[WhiteElo "2378"]
[BlackElo "2307"]
[Annotator "TA"]
[PlyCount "103"]
[EventDate "2018.??.??"]
[EventCountry "CZE"]
[SourceTitle "playchess.com"]
[Source "ChessBase"]
[SourceQuality "1"]

{[%evp 17,103,39,66,50,60,60,58,39,65,54,48,52,62,51,56,41,75,94,84,78,86,89,100,70,117,98,98,92,138,105,102,87,118,109,116,108,105,12,16,0,2,-132,41,21,50,32,92,21,26,9,34,35,57,17,76,93,143,120,180,93,268,199,160,143,341,317,333,327,327,285,522,512,2174,852,1038,955,29989,29990,29989,29990,29991,29992,29992,29993,29993,29994,29994,29995]} 1. d4 Nf6 2. c4 e6 3. g3 Bb4+ 4. Bd2 a5 5. Bg2 Qe7 (5... O-O 6. Nf3 b6 7. O-O Bb7 8. Bf4 Be7 9. Nc3 Ne4 10. Qc2 Nxc3 11. Qxc3 d6 12. Qd3 Nd7 13. e4 Bf6 14. Be3 g6 15. Rad1 Bg7 16. Rfe1 e5 17. Bg5 Qe8 18. Qd2 f6 19. Bh6 {0-1 (44) Ding,L (2781)-Wang,Y (2729) Shenzhen 2015}) 6. Nf3 {E00: Catalan Bogo-Indian (3 g3 Bb4+)} O-O 7. O-O Bxd2 8. Qxd2 d6 9. Nc3 Nbd7 {LiveBook: 12 Games} 10. Rad1 Nb6 $146 ({Predecessor:} 10... e5 11. e4 Nb6 12. b3 Bg4 13. Rde1 c6 14. Qe3 {1-0 (51) Horvath,M (2270)-Saljova,S (2235) Slovakia 1995}) 11. b3 a4 12. h3 Bd7 13. Rfe1 Rfd8 14. e4 Be8 15. Qb2 Nfd7 16. Rd2 c5 17. Red1 axb3 18. axb3 cxd4 19. Nxd4 Ne5 20. Bf1 f6 21. f4 Nf7 22. Kh2 g6 23. Bg2 e5 24. Nc2 Bc6 25. f5 gxf5 26. exf5 Ng5 27. Nd5 (27. Ne3 $16) 27... Nxd5 $11 28. Bxd5+ Kh8 29. Kg2 {[#]} (29. Nb4 $11) 29... Ne4 $2 (29... Bxd5+ $1 $17 30. Rxd5 Qg7) 30. Re2 $14 Ng5 31. h4 Nf7 (31... Bxd5+ $14 32. Rxd5 Nf7) 32. Ne3 (32. Nb4 $16) 32... Nh6 $11 33. Kh3 Qg7 34. Rg2 {[%cal Be2g2,Bg2g3,Bg3g5,Bg5f5][%mdl 32]} Nf7 35. g4 Rd7 (35... Qh6 $11 36. Bxf7 Qxe3+ 37. Rg3 Qf4) 36. Rg3 $36 {[%mdl 2048] White is really pushing.} Rg8 37. Be6 Rdd8 (37... Qh6 $16 38. Bxf7 (38. Nd5 Ng5+ 39. Kg2 Nxe6 $15) 38... Rxf7) 38. Rdg1 (38. Qe2 $18) 38... Rge8 $2 (38... Rgf8 $16) 39. g5 fxg5 40. hxg5 Nxg5+ $2 (40... Rxe6 $16 41. fxe6 Qg6) 41. Rxg5 $18 Qh6+ 42. Kg4 Rxe6 43. fxe6 Rf8 $2 {[#]} (43... Qxe6+ {is a better defense.} 44. Nf5 Be4) 44. Nf5 $1 {[%cal Rf5h6]} Rxf5 (44... Qxe6 $142 45. Rf1 h6) 45. Rxf5 (45. Kxf5 $142 Qf8+ 46. Kg4) 45... Qg6+ 46. Rg5 Qe4+ 47. Kh3 {[%csl Gg1][%cal Rg5g8] White mates.} Qf3+ 48. Kh2 {[%csl Gg1][%cal Rg5g8]} Qf4+ 49. R1g3 {[%csl Gg3][%cal Rg5g8]} Qh4+ 50. Kg1 {[%csl Gg3][%cal Rg5g8]} Qh1+ 51. Kf2 {[%csl Gg3][%cal Rg5g8]} Qh2+ 52. Ke3 {Precision: White = 35%, Black = 30%.} 1-0

[Event "CZE-ch Open 2018"]
[Site "Ostrava"]
[Date "2018.05.01"]
[Round "4"]
[White "Voloshin, Leonid"]
[Black "Krejci, Jan"]
[Result "1/2-1/2"]
[WhiteElo "2370"]
[BlackElo "2582"]
[Annotator "TA"]
[PlyCount "55"]
[EventDate "2018.??.??"]
[EventCountry "CZE"]
[SourceTitle "playchess.com"]
[Source "ChessBase"]
[SourceQuality "1"]

{[%evp 22,55,28,31,28,15,50,11,43,3,34,16,21,-32,-41,-35,-24,-14,-17,-20,-20,-27,0,0,99,104,104,102,104,107,102,99,171,178,1135,131]} 1. d4 Nf6 2. c4 e6 3. Nf3 d5 4. Nc3 c6 5. Bg5 Nbd7 6. cxd5 exd5 7. e3 h6 {D35: Queen's Gambit Declined: Exchange Variation} 8. Bh4 g5 9. Bg3 Nh5 10. Bd3 Nxg3 11. hxg3 Bg7 12. Qc2 {LiveBook: 38 Games} Nb6 13. O-O {[#]} h5 $146 ({Predecessor:} 13... Be6 14. a4 a5 15. Ne5 {½-½ (39) Mozharov,M (2555)-Khismatullin,D (2650) Moscow 2015}) 14. Bf5 h4 15. g4 Qf6 16. Bxc8 Rxc8 17. Qf5 ({White should try} 17. e4 $11) 17... Qxf5 $15 18. gxf5 Bf6 19. Nh2 Kf8 20. Ng4 Kg7 21. Rad1 Rhd8 22. f3 c5 (22... Nc4 $11 {keeps the balance.}) 23. Nxf6 $16 cxd4 24. Nh5+ Kh6 25. Rxd4 Kxh5 26. Rfd1 Nc4 (26... Kh6 $16) 27. Nxd5 $18 Nb6 $2 {[#]} (27... Kh6) 28. Nc3 $2 {Precision: White = 56%, Black = 31%.} (28. Nf6+ $18 {and the rest is easy.} Kh6 29. Rxd8) 1/2-1/2